[Event "GBR-ch87"]
[Site "Millfield"]
[Date "2000.08.10"]
[Round "10.14"]
[White "Williams, Simon K"]
[Black "Broomfield, Matthew"]
[Result "1/2-1/2"]
[WhiteElo "2353"]
[BlackElo "2192"]
[PlyCount "89"]
[EventDate "2000.07.31"]
[EventType "swiss"]
[EventRounds "11"]
[EventCountry "GBR"]
[SourceTitle "BritBase"]
[SourceDate "2008.07.14"]
[SourceVersion "1"]
[SourceVersionDate "2008.07.14"]
[SourceQuality "2"]

1. c4 Nf6 2. Nc3 e6 3. e4 d5 4. e5 Nfd7 5. d4 dxc4 6. Bxc4 Nb6 7. Bb3 c5 8. Nf3
cxd4 9. Qxd4 Qxd4 10. Nxd4 a6 11. Bg5 Bd7 12. Be3 Nc8 13. a3 Nc6 14. Nf3 N8e7
15. O-O-O Na5 16. Ba2 Rc8 17. Kb1 Nc4 18. Ng5 Nxe5 19. f4 h6 20. fxe5 hxg5 21.
Ne4 Nf5 22. Bxg5 Bc6 23. Rhe1 Be7 24. Bxe7 Kxe7 25. g4 Bxe4+ 26. Rxe4 Nh4 27.
Rf1 Ng6 28. Rf2 Rh3 29. Bc4 Rc5 30. Bf1 Rh8 31. Rfe2 Rd8 32. Bg2 b6 33. g5 a5
34. h4 Rh8 35. b4 axb4 36. Rxb4 b5 37. a4 Nxh4 38. Rxb5 Rxb5+ 39. axb5 Rb8 40.
Bc6 Nf5 41. Re4 f6 42. exf6+ gxf6 43. gxf6+ Kxf6 44. Kc2 e5 45. Kd3 1/2-1/2

[Event "GBR-ch87"]
[Site "Millfield"]
[Date "2000.08.10"]
[Round "10.15"]
[White "Simons, Martin"]
[Black "Mahesh Chandran, Panjanathan"]
[Result "0-1"]
[WhiteElo "2226"]
[BlackElo "2238"]
[PlyCount "82"]
[EventDate "2000.07.31"]
[EventType "swiss"]
[EventRounds "11"]
[EventCountry "GBR"]
[SourceTitle "BritBase"]
[SourceDate "2008.07.14"]
[SourceVersion "1"]
[SourceVersionDate "2008.07.14"]
[SourceQuality "2"]

1. d4 Nf6 2. Nc3 d5 3. e4 dxe4 4. f3 exf3 5. Nxf3 Bg4 6. h3 Bh5 7. g4 Bg6 8.
Ne5 e6 9. Qf3 c6 10. g5 Bh5 11. Qf2 Nfd7 12. Be2 Nxe5 13. Bxh5 Ng6 14. Rf1 Qc7
15. Ne4 Na6 16. Bd2 Nb4 17. Bxb4 Bxb4+ 18. c3 Ba5 19. Qxf7+ Qxf7 20. Nd6+ Ke7
21. Nxf7 Rhf8 22. Bxg6 hxg6 23. Ne5 Rxf1+ 24. Kxf1 Bc7 25. Re1 Rf8+ 26. Kg2
Bxe5 27. Rxe5 Kd6 28. Kg3 b5 29. h4 Rf1 30. Re2 a5 31. a3 b4 32. axb4 axb4 33.
Kg4 Rc1 34. Rh2 b3 35. h5 Rc2 36. Rh1 gxh5+ 37. Kxh5 Rxb2 38. Kg6 Rg2 39. Rb1
b2 40. Rf1 Kd5 41. Rb1 Kc4 0-1

[Event "GBR-ch87"]
[Site "Millfield"]
[Date "2000.08.10"]
[Round "10.16"]
[White "Collins, Sam IRL"]
[Black "Simutowe, Amon"]
[Result "0-1"]
[WhiteElo "2172"]
[BlackElo "2322"]
[PlyCount "70"]
[EventDate "2000.07.31"]
[EventType "swiss"]
[EventRounds "11"]
[EventCountry "GBR"]
[SourceTitle "BritBase"]
[SourceDate "2008.07.14"]
[SourceVersion "1"]
[SourceVersionDate "2008.07.14"]
[SourceQuality "2"]

1. e4 c5 2. Nf3 Nc6 3. d4 cxd4 4. Nxd4 Nf6 5. Nc3 d6 6. Be2 e6 7. O-O Be7 8.
Be3 O-O 9. f4 Bd7 10. Nb3 a6 11. Bf3 Qc7 12. a4 Rac8 13. Rf2 Na5 14. e5 dxe5
15. fxe5 Qxe5 16. Bd4 Qc7 17. Nxa5 Qxa5 18. Bxf6 Bxf6 19. Qxd7 Rfd8 20. Qxb7
Rb8 21. Qe4 Rxb2 22. Raf1 Qxc3 23. Kh1 Rb4 24. Qe2 Rxa4 25. Bh5 Ra1 26. Qe4 a5
27. Qb7 g6 28. Be2 Rxf1+ 29. Rxf1 a4 30. g4 a3 31. Qa7 Qe5 32. Bf3 Rd2 33. Bg2
Qe2 34. Qa8+ Kg7 35. g5 Bxg5 0-1

[Event "GBR-ch87"]
[Site "Millfield"]
[Date "2000.08.10"]
[Round "10.17"]
[White "Greet, Andrew"]
[Black "Lilley, Graham"]
[Result "1/2-1/2"]
[WhiteElo "2266"]
[BlackElo "2224"]
[PlyCount "116"]
[EventDate "2000.07.31"]
[EventType "swiss"]
[EventRounds "11"]
[EventCountry "GBR"]
[SourceTitle "BritBase"]
[SourceDate "2008.07.14"]
[SourceVersion "1"]
[SourceVersionDate "2008.07.14"]
[SourceQuality "2"]

1. e4 e6 2. d4 d5 3. e5 c5 4. Qg4 cxd4 5. Nf3 Nc6 6. Bd3 Nge7 7. O-O Ng6 8. Re1
Qc7 9. Qg3 f5 10. h4 Bb4 11. Re2 O-O 12. Qh2 Bd7 13. h5 Nh8 14. a3 Ba5 15. b4
Bb6 16. Bb2 a6 17. Nbd2 Nf7 18. Nb3 f4 19. Rae1 Qd8 20. Nbxd4 Nxd4 21. Nxd4
Bxd4 22. Bxd4 Ng5 23. f3 Bb5 24. Bxb5 axb5 25. Ra1 h6 26. Kf2 Qc7 27. c3 Ra4
28. Qh4 Qf7 29. Qg4 Qf5 30. Rea2 Ne4+ 31. Ke1 Ng3 32. Kd2 Nxh5 33. Qxf5 Rxf5
34. Kc2 Ng3 35. Re1 Rh5 36. Kb3 Rh2 37. Bb6 Ra6 38. Bg1 Rh5 39. a4 bxa4+ 40.
Rxa4 Rxa4 41. Kxa4 Rg5 42. Kb5 Nf5 43. Re2 Nh4 44. Kb6 Nxg2 45. Kxb7 Nh4 46.
Bd4 Nxf3 47. b5 Nxd4 48. cxd4 Rg3 49. Rb2 f3 50. b6 Rg2 51. Rb1 Rc2 52. Ka6
Ra2+ 53. Kb5 f2 54. Rf1 Rb2+ 55. Kc6 Kf7 56. b7 Ke7 57. Kc7 Rc2+ 58. Kb6 Rb2+
1/2-1/2

[Event "GBR-ch87"]
[Site "Millfield"]
[Date "2000.08.10"]
[Round "10.18"]
[White "McMichael, Richard"]
[Black "Kemp, Peter D"]
[Result "1/2-1/2"]
[WhiteElo "2250"]
[BlackElo "2214"]
[PlyCount "137"]
[EventDate "2000.07.31"]
[EventType "swiss"]
[EventRounds "11"]
[EventCountry "GBR"]
[SourceTitle "BritBase"]
[SourceDate "2008.07.14"]
[SourceVersion "1"]
[SourceVersionDate "2008.07.14"]
[SourceQuality "2"]

1. b3 b6 2. Bb2 Bb7 3. e3 Nf6 4. f4 e6 5. Nf3 c5 6. Be2 Be7 7. O-O O-O 8. Qe1
Ne4 9. d3 Nd6 10. e4 f6 11. Nbd2 Nf7 12. Qg3 Nc6 13. Kh1 d5 14. a3 Rc8 15. Qh3
Qd7 16. exd5 Qxd5 17. Ne4 Nd4 18. Bd1 Nh6 19. Re1 Rcd8 20. Nxd4 cxd4 21. Bf3
Qd7 22. Re2 Bc8 23. Rae1 Qc7 24. g3 a5 25. Qg2 Nf5 26. Qf2 Bc5 27. Nxc5 bxc5
28. Bc1 Rd6 29. g4 Ne7 30. f5 e5 31. a4 Bb7 32. Be4 Bxe4+ 33. Rxe4 h6 34. Rg1
Kf7 35. Bd2 Nc6 36. h4 Rh8 37. Rg2 Nb4 38. Bc1 Na2 39. Bd2 Nb4 40. Bxb4 cxb4
41. Rh2 Rdd8 42. Kg1 Qc3 43. Re2 Qc6 44. Qg3 Qd7 45. Rhg2 Ke7 46. Re4 Rdg8 47.
g5 hxg5 48. hxg5 Qxf5 49. Rg4 Rc8 50. Rf2 Qe6 51. gxf6+ gxf6 52. Rg7+ Kd6 53.
Rg6 Rcf8 54. Qg2 Rhg8 55. Rfxf6 Rxg6 56. Rxg6 Rf6 57. Rg8 Kc7 58. Qg5 Kd6 59.
Rg7 Qf5 60. Qxf5 Rxf5 61. Ra7 e4 62. Ra6+ Kc7 63. dxe4 Re5 64. Kf2 Kb7 65. Rd6
Rxe4 66. Kf3 Re3+ 67. Kf4 Rc3 68. Rxd4 Rxc2 69. Ke4 1/2-1/2

[Event "GBR-ch87"]
[Site "Millfield"]
[Date "2000.08.10"]
[Round "10.19"]
[White "Briggs, Philip"]
[Black "Stephenson, F Norman"]
[Result "1/2-1/2"]
[WhiteElo "2200"]
[BlackElo "2241"]
[PlyCount "52"]
[EventDate "2000.07.31"]
[EventType "swiss"]
[EventRounds "11"]
[EventCountry "GBR"]
[SourceTitle "BritBase"]
[SourceDate "2008.07.14"]
[SourceVersion "1"]
[SourceVersionDate "2008.07.14"]
[SourceQuality "2"]

1. e4 c5 2. c3 e6 3. d4 d5 4. exd5 exd5 5. Be3 cxd4 6. Bxd4 Nc6 7. Nf3 Nxd4 8.
Qxd4 Nf6 9. Bb5+ Bd7 10. Bxd7+ Qxd7 11. O-O Be7 12. Ne5 Qb5 13. Nd2 O-O 14. a4
Qxb2 15. Rfb1 Qc2 16. Rxb7 Bc5 17. Qxc5 Qxd2 18. Qd4 Qc2 19. Rf1 Rac8 20. Qxa7
Ra8 21. Qb6 Qxc3 22. Nxf7 Rxa4 23. Qe6 Ra1 24. Nh6+ Kh8 25. Nf7+ Kg8 26. Nd6+
Kh8 1/2-1/2

[Event "GBR-ch87"]
[Site "Millfield"]
[Date "2000.08.10"]
[Round "10.20"]
[White "Buckley, Simon"]
[Black "Jackson, Oliver"]
[Result "1/2-1/2"]
[WhiteElo "2237"]
[BlackElo "2209"]
[PlyCount "95"]
[EventDate "2000.07.31"]
[EventType "swiss"]
[EventRounds "11"]
[EventCountry "GBR"]
[SourceTitle "BritBase"]
[SourceDate "2008.07.14"]
[SourceVersion "1"]
[SourceVersionDate "2008.07.14"]
[SourceQuality "2"]

1. e4 c5 2. Nf3 e6 3. d4 cxd4 4. Nxd4 a6 5. Bd3 Nf6 6. O-O Qc7 7. Qe2 d6 8. c4
g6 9. Nc3 Bg7 10. Rd1 O-O 11. Nf3 Nc6 12. h3 Nd7 13. Bf4 Nce5 14. Rac1 b6 15.
b3 Bb7 16. Bb1 f5 17. Nd4 Rae8 18. Qd2 Nf7 19. Bh2 e5 20. Nde2 Bh6 21. f4 fxe4
22. Nd5 Bxd5 23. cxd5 Qd8 24. Rc4 e3 25. Qe1 b5 26. Re4 Qb6 27. f5 gxf5 28. Rh4
e4 29. Rh5 f4 30. Qh4 f3 31. Qg4+ Kh8 32. Qxd7 fxe2 33. Re1 Qd4 34. Qg4 Bg7 35.
Qxe2 Ne5 36. Bg3 Nf3+ 37. gxf3 Rxf3 38. Rg5 Bf6 39. Rg4 Be5 40. Bxe5+ Qxe5 41.
Qg2 Qc3 42. Rd1 Rf2 43. Qg3 Qc5 44. b4 e2 45. Re1 Rf1+ 46. Kh2 Rf2+ 47. Kg1
Rf4+ 48. Kh2 1/2-1/2

[Event "GBR-ch87"]
[Site "Millfield"]
[Date "2000.08.10"]
[Round "10.21"]
[White "Evans-Quek, Suan"]
[Black "Tan, Desmond"]
[Result "1/2-1/2"]
[WhiteElo "2261"]
[BlackElo "2203"]
[PlyCount "126"]
[EventDate "2000.07.31"]
[EventType "swiss"]
[EventRounds "11"]
[EventCountry "GBR"]
[SourceTitle "BritBase"]
[SourceDate "2008.07.14"]
[SourceVersion "1"]
[SourceVersionDate "2008.07.14"]
[SourceQuality "2"]

1. d4 Nf6 2. g3 c5 3. c3 e6 4. Bg2 Nc6 5. e4 cxd4 6. cxd4 Bb4+ 7. Nc3 d5 8.
exd5 Nxd5 9. Nge2 O-O 10. O-O Nxc3 11. bxc3 Be7 12. Rb1 Na5 13. h4 Bd7 14. Bf4
a6 15. Be4 Rc8 16. Qd3 f5 17. Bxb7 Nxb7 18. Rxb7 Bc6 19. Rb2 Qd5 20. f3 Bb5 21.
Qe3 Bf6 22. Re1 Bxe2 23. Rexe2 Rxc3 24. Qxe6+ Qxe6 25. Rxe6 Bxd4+ 26. Kg2 Ra8
27. Rb4 Bf6 28. Ra4 a5 29. Kf2 Rc5 30. Re2 Kf7 31. Be3 Rd5 32. Rc2 Rb8 33. Ke2
Rb7 34. Rac4 Rdb5 35. a4 Rb4 36. Bd2 Re7+ 37. Kd1 Rxc4 38. Rxc4 Re5 39. Rc7+
Kf8 40. Rc8+ Kf7 41. Ra8 Rd5 42. Rxa5 Rd3 43. Ke2 Ra3 44. Bb4 Ra2+ 45. Kd3 f4
46. g4 Bxh4 47. Bc5 Bf6 48. Bb6 Ke6 49. g5 Be5 50. Ra8 Kd5 51. Rd8+ Kc6 52. a5
Ra4 53. Rc8+ Kd5 54. Rc5+ Ke6 55. Rb5 h5 56. gxh6 gxh6 57. Bc5 h5 58. Bf2 Ra3+
59. Ke2 Ra2+ 60. Kf1 Ra1+ 61. Kg2 Ra2 62. Kf1 Ra1+ 63. Kg2 Ra2 1/2-1/2

[Event "GBR-ch87"]
[Site "Millfield"]
[Date "2000.08.10"]
[Round "10.22"]
[White "Evans-Quek, Debbie"]
[Black "Rayner, Francis"]
[Result "1/2-1/2"]
[WhiteElo "2046"]
[BlackElo "2256"]
[PlyCount "52"]
[EventDate "2000.07.31"]
[EventType "swiss"]
[EventRounds "11"]
[EventCountry "GBR"]
[SourceTitle "BritBase"]
[SourceDate "2008.07.14"]
[SourceVersion "1"]
[SourceVersionDate "2008.07.14"]
[SourceQuality "2"]

1. d4 Nf6 2. g3 g6 3. c3 Bg7 4. Bg2 O-O 5. e4 d6 6. Ne2 e5 7. O-O Nc6 8. d5 Ne7
9. c4 Nd7 10. Nbc3 f5 11. f3 Nf6 12. h3 h6 13. g4 Nh7 14. Be3 h5 15. gxf5 gxf5
16. f4 Ng6 17. fxe5 Nxe5 18. Qb3 Ng5 19. Kh2 fxe4 20. Rxf8+ Qxf8 21. Bxg5 Nf3+
22. Bxf3 Qxf3 23. Nf4 Qf2+ 24. Kh1 Qf3+ 25. Kh2 Qf2+ 26. Kh1 Qf3+ 1/2-1/2

[Event "GBR-ch87"]
[Site "Millfield"]
[Date "2000.08.10"]
[Round "10.23"]
[White "Spence, David J"]
[Black "Rudd, Jack"]
[Result "1-0"]
[WhiteElo "2153"]
[BlackElo "2176"]
[PlyCount "51"]
[EventDate "2000.07.31"]
[EventType "swiss"]
[EventRounds "11"]
[EventCountry "GBR"]
[SourceTitle "BritBase"]
[SourceDate "2008.07.14"]
[SourceVersion "1"]
[SourceVersionDate "2008.07.14"]
[SourceQuality "2"]

1. e4 e5 2. Nf3 Nc6 3. Bc4 Nf6 4. Ng5 d5 5. exd5 Na5 6. Bb5+ c6 7. dxc6 bxc6 8.
Be2 h6 9. Nf3 e4 10. Ne5 Bd6 11. f4 Qc7 12. O-O g5 13. d4 exd3 14. cxd3 gxf4
15. d4 Be6 16. Nc3 Rb8 17. b3 Bb4 18. Bxf4 Bxc3 19. Ng6 Qb6 20. Bxb8 Bxd4+ 21.
Kh1 fxg6 22. Bc7 Qc5 23. Rc1 Qd5 24. Bxa5 Qe5 25. Bc7 Qd5 26. Bc4 1-0

[Event "GBR-ch87"]
[Site "Millfield"]
[Date "2000.08.10"]
[Round "10.24"]
[White "D'Costa, Lorin"]
[Black "Frost, Nicholas"]
[Result "1/2-1/2"]
[WhiteElo "2157"]
[BlackElo "2164"]
[PlyCount "105"]
[EventDate "2000.07.31"]
[EventType "swiss"]
[EventRounds "11"]
[EventCountry "GBR"]
[SourceTitle "BritBase"]
[SourceDate "2008.07.14"]
[SourceVersion "1"]
[SourceVersionDate "2008.07.14"]
[SourceQuality "2"]

1. d4 e6 2. Nf3 f5 3. g3 Nf6 4. Bg2 d5 5. O-O Bd6 6. c4 c6 7. b3 O-O 8. Ba3 Ne4
9. e3 b6 10. Bxd6 Qxd6 11. Nbd2 Nd7 12. Qc2 Bb7 13. Rfd1 a5 14. Qb2 h6 15. Ne1
Ba6 16. Rac1 a4 17. Ndf3 axb3 18. axb3 Rfc8 19. Nd3 Qe7 20. Nfe5 Nef6 21. c5
Bxd3 22. Nxd3 bxc5 23. Nxc5 Nxc5 24. Rxc5 Nd7 25. Rc3 Qd6 26. Qc2 Ra6 27. Rc1
Nb8 28. Bf1 Rb6 29. Rc5 Re8 30. f4 Re7 31. Be2 Reb7 32. Rb1 g6 33. Qc3 Qc7 34.
Bd1 Na6 35. Ra5 Nb4 36. Rba1 Qd6 37. Be2 Kf7 38. Qc5 Qe7 39. Ra8 Rb8 40. R1a7
R8b7 41. Qxe7+ Rxe7 42. Rxe7+ Kxe7 43. Kf2 Nc2 44. Ra2 Nb4 45. Ra7+ Kd6 46. Ra5
Kc7 47. Ke1 Kb7 48. Kd2 Na6 49. Kc3 Nb8 50. h3 Nd7 51. b4 Nf6 52. Bf3 Ra6 53.
Rxa6 1/2-1/2

[Event "GBR-ch87"]
[Site "Millfield"]
[Date "2000.08.10"]
[Round "10.25"]
[White "Barton, R Alan"]
[Black "Aarthie, Ramaswamy"]
[Result "0-1"]
[WhiteElo "2145"]
[BlackElo "2319"]
[PlyCount "92"]
[EventDate "2000.07.31"]
[EventType "swiss"]
[EventRounds "11"]
[EventCountry "GBR"]
[SourceTitle "BritBase"]
[SourceDate "2008.07.14"]
[SourceVersion "1"]
[SourceVersionDate "2008.07.14"]
[SourceQuality "2"]

1. Nf3 Nf6 2. d4 g6 3. Bf4 Bg7 4. e3 O-O 5. Nbd2 d6 6. h3 Nbd7 7. Be2 Re8 8. e4
e5 9. dxe5 Nxe5 10. Nxe5 dxe5 11. Bg5 h6 12. Bh4 b6 13. c3 Bb7 14. Qc2 Bc6 15.
O-O-O Qc8 16. g4 Qb7 17. Bxf6 Bxf6 18. h4 Bg7 19. f3 Bd7 20. h5 g5 21. Bc4 b5
22. Bb3 a5 23. Nf1 Be6 24. Bxe6 fxe6 25. Rd7 Qc6 26. Qd3 Rf8 27. Nd2 Rf7 28.
Rxf7 Kxf7 29. Rd1 Bf6 30. Nb3 Ke8 31. Qe3 Be7 32. Nd4 exd4 33. Qxd4 Kf7 34. Rf1
Qd6 35. e5 Qxd4 36. cxd4 Rf8 37. Kd2 Ke8 38. Ke2 Kd7 39. Rc1 Rc8 40. Ke3 c5 41.
dxc5 Rxc5 42. Rd1+ Rd5 43. Rxd5+ exd5 44. f4 gxf4+ 45. Kxf4 Ke6 46. b3 Bg5+ 0-1

[Event "GBR-ch87"]
[Site "Millfield"]
[Date "2000.08.10"]
[Round "10.26"]
[White "Hempson, Peter"]
[Black "Homer, Stephen"]
[Result "0-1"]
[WhiteElo "2219"]
[BlackElo "2030"]
[PlyCount "60"]
[EventDate "2000.07.31"]
[EventType "swiss"]
[EventRounds "11"]
[EventCountry "GBR"]
[SourceTitle "BritBase"]
[SourceDate "2008.07.14"]
[SourceVersion "1"]
[SourceVersionDate "2008.07.14"]
[SourceQuality "2"]

1. d4 Nf6 2. c4 c5 3. d5 e5 4. Nc3 d6 5. e4 a6 6. g3 g6 7. Bg2 Bg7 8. Nge2 Nbd7
9. O-O O-O 10. Qd3 Nh5 11. Bf3 Kh8 12. Kh1 Nhf6 13. Bg5 h6 14. Bd2 Nh7 15. g4
Qh4 16. Bg2 Qxg4 17. Bh3 Qh4 18. f4 exf4 19. Rxf4 Qe7 20. Bxd7 Bxd7 21. Rf2 b5
22. Rg1 b4 23. Nd1 Nf6 24. Ng3 Ng4 25. Re2 Ne5 26. Qc2 Bg4 27. Rge1 Bf3+ 28.
Kg1 Bxe2 29. Rxe2 Nf3+ 30. Kg2 Nd4 0-1

[Event "GBR-ch87"]
[Site "Millfield"]
[Date "2000.08.10"]
[Round "10.27"]
[White "Waters, Clive"]
[Black "Snape, Ian"]
[Result "1/2-1/2"]
[WhiteElo "2170"]
[BlackElo "2170"]
[PlyCount "66"]
[EventDate "2000.07.31"]
[EventType "swiss"]
[EventRounds "11"]
[EventCountry "GBR"]
[SourceTitle "BritBase"]
[SourceDate "2008.07.14"]
[SourceVersion "1"]
[SourceVersionDate "2008.07.14"]
[SourceQuality "2"]

1. d4 Nf6 2. c4 g6 3. Nc3 Bg7 4. Nf3 O-O 5. Bg5 c5 6. e3 Qa5 7. Bxf6 Bxf6 8.
Qd2 Bg7 9. Nd5 Qd8 10. Be2 d6 11. O-O Bg4 12. dxc5 dxc5 13. Rfd1 Nc6 14. Qc1
Qa5 15. a3 Bxf3 16. Bxf3 e6 17. Nc3 Ne5 18. Be2 Rad8 19. Qc2 Nc6 20. Qb3 Bxc3
21. bxc3 Qc7 22. Rab1 b6 23. Rb2 Na5 24. Qc2 Rd6 25. Rxd6 Qxd6 26. Rb1 Rd8 27.
Rd1 Qe7 28. g3 Rd7 29. Qa4 Rd6 30. h4 h5 31. Qc2 Rd7 32. Qe4 Rxd1+ 33. Bxd1 Qf6
1/2-1/2

[Event "GBR-ch87"]
[Site "Millfield"]
[Date "2000.08.10"]
[Round "10.28"]
[White "Morgan, Ben"]
[Black "Binks, Michael E"]
[Result "1-0"]
[WhiteElo "2035"]
[BlackElo "2155"]
[PlyCount "46"]
[EventDate "2000.07.31"]
[EventType "swiss"]
[EventRounds "11"]
[EventCountry "GBR"]
[SourceTitle "BritBase"]
[SourceDate "2008.07.14"]
[SourceVersion "1"]
[SourceVersionDate "2008.07.14"]
[SourceQuality "2"]

1. e4 c5 2. c3 g6 3. Bc4 e6 4. Qe2 Bg7 5. Nf3 Nc6 6. O-O Nge7 7. d4 cxd4 8.
cxd4 Nxd4 9. Nxd4 Bxd4 10. Bh6 Nc6 11. Nc3 a6 12. Qd2 d6 13. Kh1 Rg8 14. f4 b5
15. Nxb5 axb5 16. Bxb5 Bd7 17. Bxc6 Bxc6 18. Qxd4 f6 19. b3 Ra5 20. e5 Rd5 21.
Qc4 Bb5 22. Qb4 Bxf1 23. Rxf1 Rxe5 {faulty game score} 1-0

[Event "GBR-ch87"]
[Site "Millfield"]
[Date "2000.08.10"]
[Round "10.29"]
[White "Douglas, Timothy"]
[Black "Buckley, Melanie"]
[Result "1/2-1/2"]
[WhiteElo "2015"]
[BlackElo "2124"]
[PlyCount "94"]
[EventDate "2000.07.31"]
[EventType "swiss"]
[EventRounds "11"]
[EventCountry "GBR"]
[SourceTitle "BritBase"]
[SourceDate "2008.07.14"]
[SourceVersion "1"]
[SourceVersionDate "2008.07.14"]
[SourceQuality "2"]

1. e4 e6 2. d3 d5 3. Nd2 Nf6 4. Ngf3 Nc6 5. c3 a5 6. g3 e5 7. Qa4 Bd7 8. Qc2
dxe4 9. dxe4 Bc5 10. Bg2 Qe7 11. O-O O-O 12. Nc4 Rad8 13. a4 Bc8 14. Ne3 Bxe3
15. Bxe3 b6 16. h3 Ba6 17. Rfd1 Rxd1+ 18. Rxd1 Rd8 19. Nh4 Rxd1+ 20. Qxd1 Qd7
21. Qxd7 Nxd7 22. Bf1 Bxf1 23. Kxf1 Kf8 24. Ke2 g6 25. Kd3 Ke7 26. Nf3 f6 27.
Kc4 Kd6 28. Nd2 Ncb8 29. b4 axb4 30. cxb4 c6 31. Nb3 Na6 32. g4 Nc7 33. a5 b5+
34. Kc3 Na6 35. f3 g5 36. Bf2 Ke6 37. h4 h6 38. h5 Kf7 39. Be3 Ke6 40. Bf2 Kf7
41. Nd2 Nf8 42. Nf1 Ne6 43. Ng3 Ng7 44. Bc5 Ke8 45. Bd6 Kf7 46. Bc5 Ke8 47. Bd6
Kf7 1/2-1/2

[Event "GBR-ch87"]
[Site "Millfield"]
[Date "2000.08.10"]
[Round "10.31"]
[White "McDonnell, James"]
[Black "Freeman, Gordon"]
[Result "1/2-1/2"]
[WhiteElo "2050"]
[BlackElo "2047"]
[PlyCount "86"]
[EventDate "2000.07.31"]
[EventType "swiss"]
[EventRounds "11"]
[EventCountry "GBR"]
[SourceTitle "BritBase"]
[SourceDate "2008.07.14"]
[SourceVersion "1"]
[SourceVersionDate "2008.07.14"]
[SourceQuality "2"]

1. e4 c5 2. Nf3 Nc6 3. d4 cxd4 4. Nxd4 Qc7 5. Nc3 e6 6. Be3 a6 7. Be2 b5 8. a3
Bb7 9. O-O Nf6 10. Nxc6 Bxc6 11. f3 Bd6 12. h3 Nh5 13. Bf2 Bh2+ 14. Kh1 Ng3+
15. Bxg3 Bxg3 16. Bd3 Be5 17. Qd2 Bb7 18. Nd1 Bf4 19. Qf2 O-O 20. Rb1 Rac8 21.
Nc3 Bd6 22. Ne2 Bc5 23. Qh4 Qd8 24. Qxd8 Rfxd8 25. f4 d5 26. e5 f6 27. Ng1 Bxg1
28. Kxg1 d4 29. Rbe1 f5 30. Rf2 Bd5 31. Rd2 Kf7 32. Kh2 Ke7 33. Kg1 Rc5 34.
Red1 a5 35. b4 axb4 36. axb4 Rc3 37. Bxb5 Rb8 38. Ba4 Ra3 39. Bb3 Bxb3 40. cxb3
Rxb4 41. Rxd4 Rxd4 42. Rxd4 Rxb3 43. Ra4 Rb7 1/2-1/2

[Event "GBR-ch87"]
[Site "Millfield"]
[Date "2000.08.10"]
[Round "10.32"]
[White "Freeman, Richard CP"]
[Black "Hebbes, Tim"]
[Result "1/2-1/2"]
[WhiteElo "2025"]
[BlackElo "2121"]
[PlyCount "125"]
[EventDate "2000.07.31"]
[EventType "swiss"]
[EventRounds "11"]
[EventCountry "GBR"]
[SourceTitle "BritBase"]
[SourceDate "2008.07.14"]
[SourceVersion "1"]
[SourceVersionDate "2008.07.14"]
[SourceQuality "2"]

1. d4 Nf6 2. Bg5 Ne4 3. Be3 d5 4. Nd2 Nd6 5. Bf4 Bf5 6. e3 e6 7. Ngf3 Nd7 8.
Ne5 f6 9. g4 fxe5 10. dxe5 Be4 11. f3 Bg6 12. exd6 Bxd6 13. Bg3 Qf6 14. Rb1 O-O
15. Bg2 Bxg3+ 16. hxg3 Qe5 17. Nf1 Nb6 18. Qd4 Nc4 19. f4 Qxd4 20. exd4 Bxc2
21. Rc1 Bg6 22. b3 Nd6 23. Rxc7 Rac8 24. Rxc8 Rxc8 25. Ne3 Rc3 26. Kf2 Be4 27.
Rg1 Bxg2 28. Rxg2 Nb5 29. f5 Kf7 30. fxe6+ Kxe6 31. Rh2 h6 32. Rh5 Nxd4 33. g5
hxg5 34. Rxg5 Rc7 35. Rxd5 Rf7+ 36. Kg1 Nc2 37. Rd3 Rf3 38. Ng2 Rxd3 39. Nf4+
Ke5 40. Nxd3+ Kd4 41. Nf4 Kc3 42. Ne6 Kb2 43. Nxg7 Nd4 44. Kf2 Kxa2 45. Ke3
Nc2+ 46. Ke4 Kxb3 47. g4 Kc4 48. Nf5 Nb4 49. Nd6+ Kc5 50. Nxb7+ Kc6 51. Na5+
Kd6 52. Kf5 Ke7 53. g5 Kf7 54. g6+ Kg7 55. Kg5 Nd5 56. Nc6 Nc7 57. Nd4 Nd5 58.
Nf5+ Kg8 59. Kh6 a5 60. g7 a4 61. Kg6 Nf4+ 62. Kh6 Nd5 63. Kg6 1/2-1/2

[Event "GBR-ch87"]
[Site "Millfield"]
[Date "2000.08.10"]
[Round "10.33"]
[White "Howell, David W"]
[Black "Obiamiwe, Paul"]
[Result "0-1"]
[WhiteElo "2020"]
[BlackElo "2065"]
[PlyCount "72"]
[EventDate "2000.07.31"]
[EventType "swiss"]
[EventRounds "11"]
[EventCountry "GBR"]
[SourceTitle "BritBase"]
[SourceDate "2008.07.14"]
[SourceVersion "1"]
[SourceVersionDate "2008.07.14"]
[SourceQuality "2"]

1. e4 e5 2. Nf3 Nc6 3. Bb5 a6 4. Bxc6 dxc6 5. O-O Qd6 6. d3 Bg4 7. Be3 O-O-O 8.
Nbd2 f6 9. h3 Bh5 10. Qc1 g5 11. Nh2 Bf7 12. Rb1 h5 13. a3 Ne7 14. Re1 Ng6 15.
b4 Be6 16. a4 Qd7 17. Qb2 g4 18. hxg4 hxg4 19. b5 cxb5 20. axb5 a5 21. b6 c6
22. Ra1 Qh7 23. Ndf1 Bd6 24. Rxa5 Nh4 25. Ra8+ Bb8 26. Qa3 Kd7 27. Ra7 Bxa7 28.
Qxa7 Rb8 29. Rd1 Nf3+ 30. gxf3 gxf3 31. d4 Qh3 32. dxe5+ Kc8 33. Rd8+ Rxd8 34.
Nxf3 Qxf3 35. Bc5 Rg8+ 36. Ng3 Bh3 0-1

[Event "GBR-ch87"]
[Site "Millfield"]
[Date "2000.08.10"]
[Round "10.34"]
[White "Pleasants, Allan"]
[Black "Orton, Stephen"]
[Result "1/2-1/2"]
[WhiteElo "2040"]
[BlackElo "2045"]
[PlyCount "129"]
[EventDate "2000.07.31"]
[EventType "swiss"]
[EventRounds "11"]
[EventCountry "GBR"]
[SourceTitle "BritBase"]
[SourceDate "2008.07.14"]
[SourceVersion "1"]
[SourceVersionDate "2008.07.14"]
[SourceQuality "2"]

1. e4 c5 2. d4 cxd4 3. c3 Nf6 4. e5 Nd5 5. cxd4 Nc6 6. Nf3 d6 7. exd6 Qxd6 8.
Nc3 Bg4 9. Be2 e6 10. O-O Be7 11. Ne4 Qc7 12. Be3 O-O 13. Rc1 Rac8 14. Ne5 Bxe2
15. Qxe2 Nxd4 16. Qd3 Ne2+ 17. Qxe2 Qxe5 18. Bxa7 Ra8 19. Bc5 Rxa2 20. Qc4 Bxc5
21. Nxc5 Qxb2 22. Nd7 Re8 23. Qc8 Ra8 24. Qc5 b6 25. Qc6 Qd4 26. Rfd1 Qg4 27.
h3 Qa4 28. Nxb6 Qxc6 29. Rxc6 Rad8 30. Nc4 g6 31. Ra1 Re7 32. Nd6 Red7 33. Ne4
Kg7 34. Kh2 Ne7 35. Rca6 Rd4 36. Nc5 R8d5 37. Ra7 Kf6 38. Nb3 Rd3 39. Rb7 Nc6
40. Ra6 Nd8 41. Rbb6 h5 42. Ra4 g5 43. Ra2 Kf5 44. Nc1 Rd2 45. Rbb2 Rxb2 46.
Rxb2 e5 47. Ne2 h4 48. f3 Ne6 49. Nc3 Rd3 50. Ne4 Kf4 51. Nf2 Ra3 52. Ng4 f5
53. Nf6 e4 54. fxe4 fxe4 55. Rb4 Nc5 56. Rb5 Nd3 57. Nd5+ Ke5 58. Ne3+ Kf6 59.
Ng4+ Kg6 60. Rb6+ Kf7 61. Nh6+ Ke7 62. Nf5+ Kd7 63. Rd6+ Kc7 64. Rg6 Nf4 65.
Rxg5 1/2-1/2

[Event "GBR-ch87"]
[Site "Millfield"]
[Date "2000.08.11"]
[Round "11.1"]
[White "Hebden, Mark"]
[Black "Hodgson, Julian"]
[Result "1/2-1/2"]
[WhiteElo "2505"]
[BlackElo "2640"]
[PlyCount "39"]
[EventDate "2000.07.31"]
[EventType "swiss"]
[EventRounds "11"]
[EventCountry "GBR"]
[SourceTitle "BritBase"]
[SourceDate "2008.07.14"]
[SourceVersion "1"]
[SourceVersionDate "2008.07.14"]
[SourceQuality "2"]

1. d4 Nf6 2. Nf3 c5 3. d5 b5 4. Bg5 Ne4 5. Bf4 Bb7 6. Qd3 f5 7. Nbd2 c4 8. Qd4
Na6 9. c3 Nc7 10. Nxe4 fxe4 11. Bxc7 Qxc7 12. Ng5 Qf4 13. h4 h6 14. g3 Qf6 15.
Nxe4 Qxd4 16. cxd4 Bxd5 17. Bg2 e6 18. O-O Be7 19. Rfe1 O-O 20. Red1 1/2-1/2